ARRUPE JESUIT UNIVERSITY

CORONAVIRUS -STOP THE SPREAD - CLEAN,DISINFECT,COVER
Normal view MARC view

Entry Geographic Name

Number of records used in: 2

001 - CONTROL NUMBER

  • control field: 49239

003 - CONTROL NUMBER IDENTIFIER

  • control field: ARRUPE

005 - DATE AND TIME OF LATEST TRANSACTION

  • control field: 20200131113452.0

008 - FIXED-LENGTH DATA ELEMENTS

  • fixed length control field: 200131|| aca||aabn | a|a d

040 ## - CATALOGING SOURCE

  • Original cataloging agency: ARRUPE
  • Transcribing agency: ARRUPE

151 ## - HEADING--GEOGRAPHIC NAME

  • Geographic name: Great Britain
  • General subdivision: History
  • Chronological subdivision: Victoria, 1837-1901
  • Form subdivision: Biography.

670 ## - SOURCE DATA FOUND

  • Source citation: Work cat.: (ARRUPE)0: Epton, Nina. 49231, Victoria and her daughters, [1971]

 

Arrupe Library. PO Box MP320 Mt Pleasant, Harare, Zimbabwe
263 242 745411|librarian@aju.ac.zw